Varón de deseos / (Record no. 113516)

MARC details
000 -LEADER
campo de control de longitud fija 00695nam a2200217 i 4500
001 - NÚMERO DE CONTROL
campo de control 113516
003 - IDENTIFICADOR DE NÚMERO DE CONTROL
campo de control ES-MaACL
005 - FECHA Y HORA DE LA ÚLTIMA TRANSACCIÓN
campo de control 20241214063028.0
007 - CAMPO FIJO DE DESCRIPCIÓN FÍSICA--INFORMACIÓN GENERAL
campo de control de longitud fija t|
008 - DATOS DE LONGITUD FIJA--INFORMACIÓN GENERAL
campo de control de longitud fija 061121m19641965sp r ||||1| spa d
100 1# - ENTRADA PRINCIPAL--NOMBRE DE PERSONA
Nombre de persona Palafox y Mendoza, Juan de,
Fechas asociadas al nombre 1600-1659
9 (RLIN) 239354
245 10 - MENCIÓN DEL TÍTULO
Título Varón de deseos /
Mención de responsabilidad, etc. venerable Juan de Palafox.
260 ## - PUBLICACIÓN, DISTRIBUCIÓN, ETC.
Lugar de publicación, distribución, etc. Madrid :
Nombre del editor, distribuidor, etc. Rialp,
Fecha de publicación, distribución, etc. 1964-1965.
300 ## - DESCRIPCIÓN FÍSICA
Extensión 2 v. ;
Dimensiones 16 cm.
490 1# - MENCIÓN DE SERIE
Mención de serie Neblí, clásicos de espiritualidad ;
Designación de volumen o secuencia 31-32
650 ## - PUNTO DE ACCESO ADICIONAL DE MATERIA--TÉRMINO DE MATERIA
Término de materia o nombre geográfico como elemento de entrada Misticismo.
9 (RLIN) 15086
650 #4 - PUNTO DE ACCESO ADICIONAL DE MATERIA--TÉRMINO DE MATERIA
Término de materia o nombre geográfico como elemento de entrada Ascetismo.
9 (RLIN) 10365
830 0# - PUNTO DE ACCESO ADICIONAL DE SERIE-TÍTULO UNIFORME
Título uniforme Neblí, clásicos de espiritualidad ;
Designación de volumen o secuencia 31-32
9 (RLIN) 190968
852 ## - LOCALIZACIÓN
Ubicación ES-MaACL
Número de control de estantería D-432-33
Sublocalización o colección R.54206
Holdings
Estatus retirado Estado de pérdida Estado de daño No para préstamo Biblioteca de origen Biblioteca actual Ubicación en estantería Fecha de adquisición Fuente de adquisición Total de préstamos Signatura topográfica completa Código de barras Visto por última vez Precio de reemplazo Tipo de ítem Koha
        Biblioteca del Ateneo de Madrid Biblioteca del Ateneo de Madrid Sala Valle Inclán 17/01/2008     D-432-33 901118392 23/02/2023 23/02/2023 Libro impreso